000 00504nam a2200181Ia 4500
003 OSt
005 20230529103346.0
008 210423s2002 xx 000 0 und d
040 _cAL
041 _aeng
082 _a658.3 RAMM
_223
100 _aRAMASWAMY (E A).
_9115650
245 _aManaging human resources: a contemporary text.
260 _aNew Delhi
_bOxford University Press
_c2002
365 _b250
_cINR
906 _acontemporary ; human ; Managing ; resources: ; text.
942 _2ddc
_cBK
999 _c173529
_d173529